Development of quality assessment methods for wood images /
محفوظ في:
| المؤلف الرئيسي: | |
|---|---|
| التنسيق: | كتاب |
| اللغة: | English |
| منشور في: |
2021.
|
| الموضوعات: | |
| الوصول للمادة أونلاين: | http://studentsrepo.um.edu.my/13744/ |
| الوسوم: |
إضافة وسم
لا توجد وسوم, كن أول من يضع وسما على هذه التسجيلة!
|
| LEADER | 01441nam a2200361 i 4500 | ||
|---|---|---|---|
| 001 | u1150977 | ||
| 003 | SIRSI | ||
| 005 | 202112061554 | ||
| 008 | 211206s2021 my a m 000 0 eng | ||
| 040 | |a UMM |d UMJ |d AUM |e rda | ||
| 090 | |a TK7 |b UMP 2021 Hes | ||
| 097 | |a TK7 |b UMP 2021 Hes | ||
| 100 | 0 | |a Heshalini Rajagopal, |e author. | |
| 245 | 1 | 0 | |a Development of quality assessment methods for wood images / |c Heshalini a/l Rajagopal @ Ramasamy. |
| 264 | 1 | |c 2021. | |
| 300 | |a xix, 149 leaves : |b colour illustrations ; |c 30 cm | ||
| 336 | |a text |2 rdacontent | ||
| 336 | |a still image |2 rdacontent | ||
| 337 | |a unmediated |2 rdamedia | ||
| 338 | |a volume |2 rdacarrier | ||
| 504 | |a Bibliography: leaves 122-133. | ||
| 650 | 0 | |a Wood |x Imaging. | |
| 650 | 0 | |a Wood |x Defects. | |
| 650 | 0 | |a Image processing |x Digital techniques. | |
| 650 | 0 | |a Imaging systems |x Image quality. | |
| 650 | 0 | |a Lumber trade. | |
| 710 | 2 | |a Universiti Malaya. |b Jabatan Kejuruteraan Elektrik, |e degree granting institution. | |
| 856 | 4 | 1 | |u http://studentsrepo.um.edu.my/13744/ |
| 900 | |a NNANS ZR | ||
| 596 | |a 1 7 25 | ||
| 999 | |a TK7 UMP 2021 HES |w LC |c 1 |i A517719656 |f 14/3/2022 |g 1 |l STACKS |m P01UTAMA |r Y |s Y |t TESIS |u 14/3/2022 |1 STEM | ||
| 999 | |a TK7 UMP 2021 HES |w LC |c 1 |i A517732710 |f 23/3/2022 |g 1 |l STACKS |m P07JURUTER |r Y |s Y |t TESIS |u 23/3/2022 |1 STEM | ||
| 999 | |a TK7 UMP 2021 HES |w LC |c 1 |i A517719660 |f 31/5/2022 |g 1 |l STACKS |m P25UMARCHI |r N |s Y |t CD |u 31/5/2022 |1 STEM |o .STAFF. MST-CD641 | ||
